Guess the Late-Modern Philosopher - Statistics

General Stats
  • This quiz has been taken 32 times
  • The average score is 14 of 32
Answer Stats
Picture Hint Answer % Correct
Communist Manifesto Karl Marx
95%
God is dead, and we have killed him Friedrich Nietzsche
91%
the Myth of Sisyphus Albert Camus
73%
pour-soi et en-soi Jean-Paul Sartre
73%
Le Deuxieme Sexe Simone de Beauvoir
68%
On Totalitarianism Hannah Arendt
59%
Tractatus Logico-Philosophicus Ludwig Wittgenstein
59%
the World as Will and Representation Arthur Schopenhauer
55%
Principia Mathematica Bertrand Russell
55%
the Sublime Object of Ideology Slavoj Zizek
55%
Utilitarianism John Stuart Mill
50%
Being and Time Martin Heidegger
50%
deconstruction Jacques Derrida
45%
panopticon Michel Foucault
45%
Retention & Protention Edmund Husserl
41%
Culture Industry Theodor W. Adorno
41%
A Theory of Justice John Rawls
36%
Gender Trouble Judith Butler
36%
postcolonialism Frantz Fanon
32%
Anti-Oedipus Gilles Deleuze
32%
psychoanalytic theory Jacques Lacan
32%
falsifiability Karl Popper
32%
the Ego and Its Own Max Stirner
32%
Angelus Novus Walter Benjamin
32%
American pragmatism C.S. Peirce
27%
Time and Free Will Henri Bergson
27%
Intention Elizabeth Anscombe
18%
Phenomenology of Perception Maurice Merleau-Ponty
18%
Analytic Ethics G. E. Moore
14%
Sense and Reference Gottlob Frege
14%
postmodernism Jean-François Lyotard
9%
Doctrine of the Double Effect Philippa Foot
9%
No matching quizzes found
Score Distribution
Percent of People with Each Score
Percentile by Number Answered
Your Score History
You have not taken this quiz